000 00673nam a2200205Ia 4500
003 OSt
005 20230401111517.0
008 210423s2010 xx 000 0 und d
020 _a9780749460709
040 _cAL
041 _aeng
082 _a302.2 CAMS
100 _aCAMBIE (Silvia);OOI (Yang-May).
_981604
245 _aInternational communications strategy: developments in cross cultural communications.
260 _aUK
_bKogan Page Ltd
_c2010
300 _axvii,222
_bPB
365 _b395
_cINR
906 _acommunications ; communications. ; cross ; cultural ; developments ; International ; media. ; pr ; social ; strategy. ; strategy:
942 _2ddc
_cBK
999 _c157827
_d157827